[Event "Copenhagen CC IM"]
[Site "Ballerup"]
[Date "2021.08.06"]
[Round "4"]
[White "Vesterli, Michael"]
[Black "Sorensen, Hampus"]
[Result "0-1"]
[WhiteElo "2207"]
[BlackElo "2382"]
[PlyCount "106"]
[EventDate "2021.08.04"]
[EventType "tourn"]
[EventRounds "9"]
[EventCountry "DEN"]
[EventCategory "2"]
[SourceTitle "CBM 203 Extra"]
[Source "ChessBase"]
[SourceDate "2021.09.30"]
[SourceVersion "1"]
[SourceVersionDate "2021.09.30"]
[SourceQuality "1"]

1. d4 Nf6 2. c4 c5 3. d5 b5 4. cxb5 a6 5. bxa6 g6 6. Nc3 Bg7 7. Nf3 0-0 8. e4 Qa5 9. Nd2 Bxa6 10. Be2 d6 11. 0-0 Bxe2 12. Qxe2 Qa6 13. Nc4 Nbd7 14. a4 Rfb8 15. Ra3 Ne8 16. Nb5 Nb6 17. Nxb6 Qxb6 18. Be3 Nc7 19. Nxc7 Qxc7 20. b3 Qa5 21. g3 Qc3 22. Qa2 Qb4 23. f3 Qc3 24. Bd2 Qd3 25. Kg2 Bd4 26. Bc1 Rb4 27. a5 Qa6 28. Re1 Rab8 29. Bd2 R4b7 30. Qc2 h5 31. Bc3 Bxc3 32. Qxc3 Rb4 33. Qe3 c4 34. bxc4 Rb2+ 35. Re2 Qxc4 36. Rd3 R8b3 37. Rxb2 Rxb2+ 38. Rd2 Qc1 39. Rxb2 Qxe3 40. a6 Kg7 41. h4 Qa3 42. Rb6 Qa2+ 43. Kh3 Kf6 44. f4 Kg7 45. Rc6 f5 46. Rc7 Kf7 47. exf5 gxf5 48. a7 Qxd5 49. Kh2 Qa8 50. g4 fxg4 51. f5 Qf3 52. Rc2 Qh3+ 53. Kg1 Qe3+ 0-1

[Event "Copenhagen-ch"]
[Site "Taastrup"]
[Date "2020.09.27"]
[Round "5"]
[White "Vasli, Aref"]
[Black "Vesterli, Michael"]
[Result "1-0"]
[WhiteElo "2371"]
[BlackElo "2235"]
[PlyCount "153"]
[EventDate "2020.09.25"]
[EventType "swiss"]
[EventRounds "5"]
[EventCountry "DEN"]
[SourceTitle "EXT 2021"]
[Source "ChessBase"]
[SourceDate "2020.10.23"]
[SourceVersion "1"]
[SourceVersionDate "2020.10.23"]
[SourceQuality "1"]

1. Nf3 Nf6 2. g3 g6 3. Bg2 Bg7 4. 0-0 0-0 5. c4 d6 6. d4 Nc6 7. Nc3 a6 8. b3 Rb8 9. Bb2 b5 10. cxb5 axb5 11. Rc1 b4 12. Na4 Bd7 13. Qc2 e6 14. e4 Qe7 15. Rfe1 Rfc8 16. d5 Na5 17. dxe6 fxe6 18. e5 Ne8 19. Qd2 Bxa4 20. exd6 Qxd6 21. Bxg7 Qxd2 22. Nxd2 Bxb3 23. Nxb3 Nxb3 24. axb3 Nxg7 25. Rc6 Nf5 26. Rcxe6 c5 27. R6e5 Nd4 28. Bd5+ Kh8 29. Kg2 Rc7 30. Bc4 Nc2 31. Rc1 Na3 32. Kf3 Rd8 33. Ke3 Rd6 34. h4 Kg7 35. Be2 Rdc6 36. Re4 h6 37. g4 Kf6 38. Bd3 Kg7 39. f3 Rd6 40. Be2 Rdc6 41. f4 Rb6 42. h5 gxh5 43. gxh5 Kf6 44. Bd3 Rd6 45. Re5 Rdc6 46. Be4 c4 47. Bxc6 cxb3 48. Rf5+ Ke7 49. Rf7+ Kxf7 50. Bd5+ Ke7 51. Rxc7+ Kd6 52. Bxb3 Kxc7 53. f5 Kd8 54. f6 Ke8 55. Kf4 Nb1 56. Kf5 Nd2 57. Bd5 b3 58. Kg6 b2 59. Kg7 b1Q 60. f7+ Kd7 61. f8Q Qg1+ 62. Kh7 Qe3 63. Qg7+ Kd8 64. Qf6+ Kd7 65. Qc6+ Ke7 66. Qc7+ Kf6 67. Qd8+ Kf5 68. Bf7 Nf3 69. Bg6+ Kg4 70. Qd7+ Kh4 71. Qf5 Ne5 72. Qf6+ Kg3 73. Qg7 Ng4 74. Bf5 Qg5 75. Qxg5 hxg5 76. Bxg4 Kxg4 77. Kg6 1-0

[Event "Copenhagen-ch"]
[Site "Taastrup"]
[Date "2020.09.26"]
[Round "2"]
[White "Holmsgaard, Henrik"]
[Black "Vesterli, Michael"]
[Result "1-0"]
[WhiteElo "2216"]
[BlackElo "2235"]
[PlyCount "69"]
[EventDate "2020.09.25"]
[EventType "swiss"]
[EventRounds "5"]
[EventCountry "DEN"]
[SourceTitle "EXT 2021"]
[Source "ChessBase"]
[SourceDate "2020.10.23"]
[SourceVersion "1"]
[SourceVersionDate "2020.10.23"]
[SourceQuality "1"]

1. e4 c5 2. c3 d5 3. exd5 Qxd5 4. d4 Nf6 5. Nf3 e6 6. Na3 Qd8 7. Nc2 Nc6 8. Bd3 Be7 9. 0-0 Qc7 10. Re1 0-0 11. Bg5 Nd5 12. Bxe7 Ncxe7 13. dxc5 Qxc5 14. Ncd4 Ng6 15. Bc2 b6 16. Qe2 Re8 17. Ne5 Bb7 18. Nxg6 hxg6 19. Be4 Nf4 20. Qf3 Bxe4 21. Rxe4 Nd5 22. Rae1 Rac8 23. Qh3 Qd6 24. Rh4 f6 25. Rhe4 Re7 26. Nb5 Qd7 27. c4 Nc7 28. Rd4 Qe8 29. Nd6 Qf8 30. Nxc8 Qxc8 31. Red1 Qa6 32. Rd8+ Kf7 33. Qh8 Ne8 34. R1d7 Qa4 35. Qxe8# 1-0

[Event "Copenhagen CC IM"]
[Site "Ballerup"]
[Date "2020.07.26"]
[Round "8"]
[White "Vesterli, Michael"]
[Black "Heimisson, Hilmir Freyr"]
[Result "0-1"]
[WhiteElo "2266"]
[BlackElo "2309"]
[PlyCount "102"]
[EventDate "2020.07.22"]
[EventType "tourn"]
[EventRounds "9"]
[EventCountry "DEN"]
[EventCategory "2"]
[SourceTitle "CBM 197 Extra"]
[Source "ChessBase"]
[SourceDate "2020.09.30"]
[SourceVersion "1"]
[SourceVersionDate "2020.09.30"]
[SourceQuality "1"]

1. d4 Nf6 2. Nc3 d6 3. e4 e5 4. dxe5 dxe5 5. Qxd8+ Kxd8 6. Nf3 Bd6 7. Bg5 Be6 8. 0-0-0 Nbd7 9. Bxf6+ gxf6 10. Nh4 Bc5 11. Rd2 c6 12. Kb1 Kc7 13. Nd1 b5 14. Be2 Bb4 15. c3 Bf8 16. Ne3 Nc5 17. Bf3 a5 18. Nhf5 b4 19. cxb4 axb4 20. b3 Ra5 21. h4 Nb7 22. Rhd1 Bc5 23. Be2 Rha8 24. Bc4 Bd4 25. Bxe6 fxe6 26. Nxd4 exd4 27. Nc4 c5 28. Nxa5 Rxa5 29. e5 fxe5 30. Re1 Kd6 31. Rde2 c4 32. bxc4 d3 33. Rb2 Ra4 34. Re3 Nc5 35. f3 Ra3 36. Re1 Rc3 37. Rc1 e4 38. fxe4 Ke5 39. Re1 Kd4 40. Rf2 b3 41. axb3 Nxb3 42. Kb2 Na5 43. g4 Nxc4+ 44. Kb1 Rb3+ 45. Kc1 Kc3 46. Rd1 Ne3 47. Rdd2 Nxg4 48. Rf7 Ne5 49. Rxh7 Nc4 50. Rc7 Ra3 51. Rb2 Ra1+ 0-1

[Event "Copenhagen CC IM"]
[Site "Ballerup"]
[Date "2020.07.25"]
[Round "6"]
[White "Vesterli, Michael"]
[Black "Jepson, Christian"]
[Result "0-1"]
[WhiteElo "2266"]
[BlackElo "2377"]
[PlyCount "94"]
[EventDate "2020.07.22"]
[EventType "tourn"]
[EventRounds "9"]
[EventCountry "DEN"]
[EventCategory "2"]
[SourceTitle "CBM 197 Extra"]
[Source "ChessBase"]
[SourceDate "2020.09.30"]
[SourceVersion "1"]
[SourceVersionDate "2020.09.30"]
[SourceQuality "1"]

1. d4 Nf6 2. c4 e6 3. Nf3 d5 4. Bg5 Nbd7 5. e3 c6 6. Qc2 Qa5+ 7. Nbd2 Ne4 8. Bf4 Bb4 9. a3 g5 10. Bg3 h5 11. 0-0-0 Bxa3 12. bxa3 Qxa3+ 13. Qb2 Qxb2+ 14. Kxb2 h4 15. Nxe4 dxe4 16. Nxg5 hxg3 17. fxg3 Ke7 18. Nxe4 f5 19. Nd2 Nf6 20. Be2 Bd7 21. Ra1 b6 22. Bf3 a5 23. e4 Ra7 24. e5 Nh7 25. g4 fxg4 26. Bxg4 Rg8 27. h3 c5 28. dxc5 bxc5 29. Rhf1 Bc6 30. g3 Rd8 31. Kc3 Rad7 32. Nb3 Rd3+ 33. Kc2 Rxg3 34. Nxc5 Rg2+ 35. Kc1 a4 36. Nxa4 Be4 37. Bd1 Ra8 38. Ra3 Bf5 39. h4 Nf8 40. Rb3 Nd7 41. Rb7 Ra5 42. Rf4 Ke8 43. Rb5 Nxe5 44. Rd4 Nd3+ 45. Kb1 Rxb5+ 46. cxb5 Nb4+ 47. Kc1 Na2# 0-1

[Event "DEN-chT 1920 58th"]
[Site "Denmark"]
[Date "2020.01.11"]
[Round "4.5"]
[White "Chatalbashev, Boris"]
[Black "Vesterli, Michael"]
[Result "0-1"]
[WhiteElo "2530"]
[BlackElo "2234"]
[PlyCount "98"]
[EventDate "2019.11.23"]
[EventType "team-tourn"]
[EventRounds "9"]
[EventCountry "DEN"]
[SourceTitle "CBM 194 Extra"]
[Source "ChessBase"]
[SourceDate "2020.03.31"]
[SourceVersion "1"]
[SourceVersionDate "2020.03.31"]
[SourceQuality "1"]
[WhiteTeam "Koge Xtracon"]
[BlackTeam "Ballerup"]
[WhiteTeamCountry "DEN"]
[BlackTeamCountry "DEN"]

1. d4 Nf6 2. c4 g6 3. Nc3 Bg7 4. e4 d6 5. Be2 0-0 6. Bg5 h6 7. Be3 e5 8. d5 Na6 9. Qd2 Kh7 10. f3 c6 11. dxc6 bxc6 12. Rd1 Qa5 13. Qxd6 Be6 14. Qxc6 Nb4 15. Qc5 Nc2+ 16. Kd2 Qxc5 17. Bxc5 Rfc8 18. Kxc2 Rxc5 19. b3 a5 20. g3 Nd7 21. Bf1 Rc6 22. Bh3 f5 23. Nge2 Nc5 24. exf5 gxf5 25. Nd5 a4 26. Nec3 axb3+ 27. axb3 Ra3 28. Rb1 e4 29. Rhd1 exf3 30. Nf4 Bxc4 31. Bxf5+ Kg8 32. Rd8+ Kf7 33. bxc4 Rxc3+ 34. Kd2 Rxc4 35. Ke3 Rc3+ 36. Kf2 Ra6 37. Rbd1 Bf8 38. Bg6+ Kg7 39. Bb1 Rb6 40. Nd5 Rb2+ 41. Kg1 Rcb3 42. Rc8 Rxb1 43. Rxb1 Rxb1+ 44. Kf2 Rb3 45. Rc7+ Kg6 46. Rc6+ Kh7 47. Nf6+ Kg7 48. Nh5+ Kh8 49. Nf6 Nd3+ 0-1

[Event "DEN-chT 1819 57th"]
[Site "Denmark"]
[Date "2019.01.12"]
[Round "5.1"]
[White "Vesterli, Michael"]
[Black "Ochsner, Thomas"]
[Result "1-0"]
[WhiteElo "2169"]
[BlackElo "2280"]
[PlyCount "49"]
[EventDate "2018.10.27"]
[EventType "team-tourn"]
[EventRounds "9"]
[EventCountry "DEN"]
[SourceTitle "CBM 188 Extra"]
[Source "ChessBase"]
[SourceDate "2019.02.26"]
[SourceVersion "1"]
[SourceVersionDate "2019.02.26"]
[SourceQuality "1"]
[WhiteTeam "BMS"]
[BlackTeam "Aarhus/Skolerne"]
[WhiteTeamCountry "DEN"]
[BlackTeamCountry "DEN"]

1. d4 Nf6 2. c4 e6 3. Nf3 b6 4. e3 Bb7 5. Bd3 d5 6. 0-0 Bd6 7. Nbd2 Nbd7 8. Qc2 0-0 9. e4 dxe4 10. Nxe4 Nxe4 11. Bxe4 Bxe4 12. Qxe4 c5 13. Bg5 Nf6 14. Qh4 Be7 15. dxc5 bxc5 16. Rad1 Qc7 17. Rd3 Rfd8 18. Re3 a5 19. Ne5 Rd4 20. f4 h6 21. Bxh6 Nh7 22. Qg4 Bf6 23. Rg3 Qxe5 24. Qxg7+ Bxg7 25. fxe5 1-0

[Event "Taastrup Quick Weekend 28th A"]
[Site "Taastrup"]
[Date "2018.11.09"]
[Round "2"]
[White "Rostgaard, Tobias Valentin"]
[Black "Vesterli, Michael"]
[Result "1/2-1/2"]
[WhiteElo "2372"]
[BlackElo "2158"]
[PlyCount "114"]
[EventDate "2018.11.09"]
[EventType "tourn"]
[EventRounds "5"]
[EventCountry "DEN"]
[SourceTitle "CBM 189 Extra"]
[Source "ChessBase"]
[SourceDate "2019.06.03"]
[SourceVersion "1"]
[SourceVersionDate "2019.06.03"]
[SourceQuality "1"]

1. e4 c5 2. Nf3 d6 3. Bb5+ Nd7 4. 0-0 g6 5. Re1 Bg7 6. c3 Ngf6 7. d4 0-0 8. e5 dxe5 9. dxe5 Ng4 10. Bf4 a6 11. Bd3 Qb6 12. Qe2 Rd8 13. Na3 Nf8 14. Nc4 Qc7 15. a4 Ne6 16. Bg3 Bd7 17. Be4 Rab8 18. h3 Nh6 19. Ne3 Bc6 20. Bxc6 Qxc6 21. a5 Qe4 22. Nd2 Qd3 23. Ndc4 Qxe2 24. Rxe2 Rd3 25. Rd2 Rbd8 26. Rxd3 Rxd3 27. Kf1 Kf8 28. Ke2 Rd8 29. Bh2 Ke8 30. f4 Kd7 31. Rd1+ Kc6 32. Rf1 f5 33. exf6 exf6 34. f5 Nc7 35. g4 Nf7 36. h4 g5 37. Bg3 Re8 38. Kd3 Bh6 39. Bxc7 Kxc7 40. Nd5+ Kc6 41. Nxf6 Rd8+ 42. Ke2 gxh4 43. Rh1 Bg5 44. Nxh7 Re8+ 45. Kf3 Bd8 46. f6 Rh8 47. g5 Rxh7 48. g6 Rh6 49. gxf7 Rxf6+ 50. Kg4 Bc7 51. Rxh4 Rxf7 52. Rh6+ Kb5 53. b3 Rf4+ 54. Kg5 Rf3 55. Na3+ Kxa5 56. Nc4+ Kb5 57. Na3+ Ka5 1/2-1/2

[Event "Helsingor Xtracon op"]
[Site "Helsingor"]
[Date "2018.07.25"]
[Round "6"]
[White "Hobber, Anders"]
[Black "Vesterli, Michael"]
[Result "1/2-1/2"]
[WhiteElo "2312"]
[BlackElo "2159"]
[PlyCount "69"]
[EventDate "2018.07.21"]
[EventType "swiss"]
[EventRounds "10"]
[EventCountry "DEN"]
[SourceTitle "CBM 185 Extra"]
[Source "ChessBase"]
[SourceDate "2018.07.29"]
[SourceVersion "1"]
[SourceVersionDate "2018.07.29"]
[SourceQuality "1"]

1. d4 g6 2. e4 Bg7 3. Nf3 d6 4. Bc4 e6 5. 0-0 b6 6. Re1 Ne7 7. Nbd2 Bb7 8. Bb3 Nd7 9. Nf1 0-0 10. Ng3 h6 11. c3 Nf6 12. Qe2 Qc8 13. e5 dxe5 14. dxe5 Nd7 15. Ne4 Kh7 16. Bf4 Nc6 17. Ng3 Nc5 18. Bc2 Ba6 19. Qe3 Ne7 20. Rad1 Nd5 21. Rxd5 exd5 22. Nh5 Rh8 23. Nxg7 Kxg7 24. e6 Nxe6 25. Be5+ Kh7 26. Bxh8 Qxh8 27. Ne5 Ng5 28. h4 Ne4 29. Bxe4 dxe4 30. Qxe4 Re8 31. h5 Qg7 32. hxg6+ fxg6 33. f4 Bc8 34. Rd1 a5 35. Qc6 1/2-1/2

[Event "Helsingor Xtracon op"]
[Site "Helsingor"]
[Date "2018.07.23"]
[Round "4"]
[White "Munshi, Aditya"]
[Black "Vesterli, Michael"]
[Result "1/2-1/2"]
[WhiteElo "1953"]
[BlackElo "2159"]
[PlyCount "41"]
[EventDate "2018.07.21"]
[EventType "swiss"]
[EventRounds "10"]
[EventCountry "DEN"]
[SourceTitle "CBM 185 Extra"]
[Source "ChessBase"]
[SourceDate "2018.07.29"]
[SourceVersion "1"]
[SourceVersionDate "2018.07.29"]
[SourceQuality "1"]

1. e4 c5 2. Nf3 e6 3. g3 g6 4. Bg2 Bg7 5. d4 cxd4 6. Nxd4 a6 7. Nc3 Ne7 8. Be3 Nbc6 9. Qd2 Ne5 10. Qe2 b5 11. f4 Nc4 12. e5 Rb8 13. Ne4 0-0 14. Bf2 Nxb2 15. 0-0 Nc4 16. a4 Nf5 17. axb5 Nxd4 18. Bxd4 axb5 19. Ba7 Rb7 20. Bc5 d5 21. Bxf8 1/2-1/2